000 00675cab a22001935a 4500
001 L155001
008 120216e20120211xxk 000 0 eng d
035 _a(Sirsi) u155001
041 0 _aeng
100 1 _aDitchburn, Mathew
245 0 0 _aPre-pack reforms put on ice
260 _c2012
490 _aEstates Gazette
_v(1206) 11 February 2012, 84-85(2)
520 _aDepartment for Business Skills and Innovation (BIS) has dropped proposals to introduce new legislative controls on pre-packs including a three day period of notice for creditors to challenge the sale.
590 _aKA
651 4 _aUnited Kingdom
_y
690 _aCommercial property
_96227
942 _n0
999 _c83776
_d83776